Words and ideas : (Record no. 21426)
[ view plain ]
| 000 -LEADER | |
|---|---|
| fixed length control field | 00835nam a22002297a 4500 |
| 001 - CONTROL NUMBER | |
| control field | 21426 |
| 003 - CONTROL NUMBER IDENTIFIER | |
| rucl marc code | BD-RjUL |
| 005 - DATE AND TIME OF LATEST TRANSACTION | |
| control field | 20211209000702.0 |
| 008 - FIXED-LENGTH DATA ELEMENTS--GENERAL INFORMATION | |
| fixed length control field | 140304s1959 xxu||||| b||| 001 0 eng d |
| 035 ## - SYSTEM CONTROL NUMBER | |
| System control number | (BD-RjUL)21490 |
| -- | (OCoLC)1290360 |
| 040 ## - CATALOGING SOURCE | |
| Original cataloging agency | BD-RjUL |
| Language of cataloging | eng |
| Transcribing agency | BD-RjUL |
| 041 ## - LANGUAGE CODE | |
| Language code of text/sound track or separate title | eng |
| 082 04 - DEWEY DECIMAL CLASSIFICATION NUMBER | |
| Edition number | 23 |
| Classification number | 808.0427 |
| Author mark and year | GUW 1959 |
| 100 1# - MAIN ENTRY--PERSONAL NAME | |
| Personal name | Guth, Hans Paul |
| 9 (RLIN) | 53629 |
| 245 1# - TITLE STATEMENT | |
| Title | Words and ideas : |
| Remainder of title | a handbook for college writing / |
| Statement of responsibility, etc. | Hans Paul Guth |
| 260 ## - PUBLICATION, DISTRIBUTION, ETC. (IMPRINT) | |
| Place of publication, distribution, etc. | San Francisco : |
| Name of publisher, distributor, etc. | Wadsworth Pub. Co., |
| Date of publication, distribution, etc. | ©1959. |
| 300 ## - PHYSICAL DESCRIPTION | |
| Pagination | xxvi, 585 p. ; |
| Size | 22 cm. |
| 504 ## - BIBLIOGRAPHY, ETC. NOTE | |
| Bibliography, etc | Include bibliography and index. |
| 650 ## - SUBJECT ADDED ENTRY--TOPICAL TERM | |
| Topical term or geographic name as entry element | English language -- Rhetoric -- Handbooks, manuals, etc. |
| 9 (RLIN) | 66216 |
| 856 ## - ELECTRONIC LOCATION AND ACCESS | |
| Materials specified | WorldCat |
| Uniform Resource Identifier | <a href="http://www.worldcat.org/title/words-and-ideas-a-handbook-for-college-writing/oclc/1290360&referer=brief_results">http://www.worldcat.org/title/words-and-ideas-a-handbook-for-college-writing/oclc/1290360&referer=brief_results</a> |
| 942 ## - ADDED ENTRY ELEMENTS (KOHA) | |
| Source of classification or shelving scheme | Dewey Decimal Classification |
| Koha item type | Books |
| Lost status | Source of classification or shelving scheme | Damaged status | Not for loan | Collection code | Permanent Location | Current Location | Shelving location | Date acquired | Source of acquisition | Total Checkouts | Full call number | Date last seen | Copy number | Koha item type |
|---|---|---|---|---|---|---|---|---|---|---|---|---|---|---|
| Dewey Decimal Classification | Added to bundle | Non-fiction | Central Library, University of Rajshahi | Central Library, University of Rajshahi | Reading Room | 10/06/1956 | Peace Corporation America | 808.0427 GUW 1959 | 04/03/2014 | C-1 | Books |